| 000 | 01068nam a2200289Ia 4500 | ||
|---|---|---|---|
| 005 | 20241017154928.0 | ||
| 010 | _aBAC-EN21 ENG-112044 ENG-142171 | ||
| 020 |
_a9788183223409 _c250.00 |
||
| 035 | _aEN-95576 | ||
| 035 | _aB-580847-884 | ||
| 035 | _aB-667346 | ||
| 035 | _aEN-125703 | ||
| 037 |
_bAakar/Ven _adpl |
||
| 037 | _bDBAD/PUB | ||
| 082 | _a658.404 | ||
| 100 |
_aCoutts, Louis A _972936 |
||
| 245 |
_aThe 6-Hour MBA / _cby Louis A Coutts |
||
| 246 | _aSix-hour MBA | ||
| 260 |
_c2013 _aNew Delhi _bManjul Publishing House |
||
| 270 |
_a7/32, Ground Floor, Ansari Road, Daryaganj, _bNew Delhi _e110002 |
||
| 300 |
_c22cm(pbk) _axv,260p. : _bill. |
||
| 500 | _aIncludes bibliographical references and index. | ||
| 650 |
_aManagement. _972937 |
||
| 942 |
_cEN _2ddc _mCOU _h658.404 |
||
| 999 |
_c206474 _d206474 |
||